Ang prinsesita at ang buwan / (Record no. 21840)
| 000 -LEADER | |
|---|---|
| fixed length control field | 00423nam a22001337a 4500 |
| 003 - CONTROL NUMBER IDENTIFIER | |
| control field | OSt |
| 005 - DATE AND TIME OF LATEST TRANSACTION | |
| control field | 20260123100655.0 |
| 008 - FIXED-LENGTH DATA ELEMENTS--GENERAL INFORMATION | |
| fixed length control field | 260123b xxu||||| |||| 00| 0 eng d |
| 040 ## - CATALOGING SOURCE | |
| Transcribing agency | CSU |
| 245 ## - TITLE STATEMENT | |
| Title | Ang prinsesita at ang buwan / |
| 260 ## - PUBLICATION, DISTRIBUTION, ETC. (IMPRINT) | |
| Place of publication, distribution, etc | [place of publication not identified]: |
| Name of publisher, distributor, etc | [name of publisher not identified], |
| Date of publication, distribution, etc | [date of publication not identified]. |
| 300 ## - PHYSICAL DESCRIPTION | |
| Extent | 16 pages : |
| Other physical details | color illustrations. |
| 942 ## - ADDED ENTRY ELEMENTS (KOHA) | |
| Source of classification or shelving scheme | |
| Koha item type | Books |
| Price effective from | Permanent Location | Date last seen | Not for loan | Date acquired | Source of classification or shelving scheme | Koha item type | Lost status | Withdrawn status | Copy number | Source of acquisition | Materials specified (bound volume or other part) | Collection code | Damaged status | Barcode | Shelving location | Current Location | Full call number |
|---|---|---|---|---|---|---|---|---|---|---|---|---|---|---|---|---|---|
| 2026-01-22 | Cagayan State University - Carig Library | 2026-01-23 | 2026-01-23 | Books | 1 | Donations | Children Section | C000684 | Children Section | Cagayan State University - Carig Library | CS 684 A5811 | ||||||
| 2026-01-22 | Cagayan State University - Carig Library | 2026-01-23 | 2026-01-23 | Books | 3 | Donations | Children Section | C000686 | Children Section | Cagayan State University - Carig Library | CS 686 A5811 | ||||||
| 2026-01-22 | Cagayan State University - Carig Library | 2026-01-23 | 2026-01-23 | Books | 2 | Donations | Children Section | C000685 | Children Section | Cagayan State University - Carig Library | CS 685 A5811 | ||||||
| 2026-01-22 | Cagayan State University - Carig Library | 2026-01-23 | 2026-01-23 | Books | 4 | Donations | Children Section | C000687 | Children Section | Cagayan State University - Carig Library | CS 687 A5811 | ||||||
| 2026-01-22 | Cagayan State University - Carig Library | 2026-01-26 | 2026-01-26 | Books | 5 | Donations | 2026-01-22 | Children Section | C000976 | Children Section | Cagayan State University - Carig Library | CS C976 A5811 |